Brasileirão 2025 - Séries A,B e C - Statistics

Estatísticas Gerais
  • Esse quiz foi jogado 557 vezes
  • A pontuação média é 42 de 60
Estatísticas das Respostas
Série Time % Correto
A Flamengo
99%
A Palmeiras
99%
A Botafogo
98%
A Atlético-MG
97%
A Corinthians
97%
A (^) Santos
97%
A São Paulo
96%
A Fluminense
95%
A Fortaleza
95%
A Vasco
95%
A Bahia
94%
A Cruzeiro
94%
A Internacional
94%
A (^) Mirassol
94%
A (^) Ceará
93%
A Grêmio
93%
A (^) Sport
93%
A Vitória
93%
A Juventude
88%
A RB Bragantino
88%
B (¥) Athletico-PR
85%
B Coritiba
80%
B Goiás
80%
B (¥) Criciúma
79%
B (^) Athletic
78%
B (¥) Cuiabá
78%
B (^) Remo
78%
B América-MG
76%
B (¥) Atlético-GO
76%
B Chapecoense
76%
B Paysandu
75%
B Amazonas
72%
B Novorizontino
72%
C (¥) Ponte Preta
72%
B Avaí
71%
B CRB
70%
C (¥) Guarani
69%
C Náutico
69%
C CSA
67%
B (^) Volta Redonda
64%
B Vila Nova
61%
B Operário-PR
57%
B Botafogo-SP
56%
C Figueirense
56%
C Londrina
55%
C Caxias
52%
C ABC
51%
B (^) Ferroviária
51%
C (¥) Ituano
50%
C (¥) Brusque
48%
C São Bernardo
44%
C Botafogo-PB
40%
C (^) Maringá
37%
C (^) Retrô
36%
C Tombense
36%
C Ypiranga
34%
C Floresta
32%
C Confiança
31%
C (^) Anápolis
25%
C (^) Itabaiana
19%
Nenhum quiz correspondente encontrado
Distribuição das Pontuações
Porcentagem de Pessoas com Cada Pontuação
Percentil de Números Respondidos
Sua Pontuação Histórica
Você não jogou esse quiz